000 00503nam a2200169Ia 4500
008 191127s9999 xx 000 0 und d
100 _aYellin - Mitchell, Benjamin
245 2 _aA hierarchy of hallucination/
245 _cBenjamin Yellin- Mitchell
260 _bSussex Publisher
260 _c2019
300 _aPages 18-19, January/February 2019
440 _aPsychology Today: Escaping Depression
_v51: 1
650 _aHallucinations
650 _aschizophrenia
650 _asensory illusions
999 _c362710
_d362710